000
002490000a22000970004500
100
1
_a
Limpic, Ted
245
1
0
_a
Practical helps : Christian and mission handbooks
300
_a
Núm 75 (1996), Páginas 7
773
0
_t
World Evangelization
942
_c
ANA
999
_c
57532
_d
57532